| 000 | 00614nam a22002057a 4500 | ||
|---|---|---|---|
| 003 | MPLRDC | ||
| 005 | 20220105061134.0 | ||
| 008 | 210129b ||||| |||| 00| 0 eng d | ||
| 020 | _a978-7-5613-6396-6 | ||
| 082 | _a790 BMSYL | ||
| 100 | _a并木伸一郎 SHINICHIRO NAMIKI | ||
| 245 |
_a超古代文物 终极版 _c赵怡凡 译 |
||
| 250 | _a初版一刷 | ||
| 260 |
_a中国 _b陕西师范大学出版总社有限公司 _c2012 |
||
| 300 | _b平 | ||
| 490 | _a超自然神秘档案系列 | ||
| 520 | _a新书上架 2018-06-01。 | ||
| 650 | _a古器物;考古学;古物学 | ||
| 942 |
_cBK _o790 BMSYL |
||
| 999 |
_c69391 _d69381 |
||